000 00333nam a2200133Ia 4500
008 220204s9999 xx 000 0 und d
082 _a621.6
_bFIT
100 _aFitch, E C
245 0 _aIntroduction to fluid logic
260 _aWashington
_bHemisphere
_c1978
650 _aFluid logic
700 _aSurjaatmadja, J B
942 _cBK
999 _c30662
_d30662